[Event "MCRW_CF24"]
[Site "?"]
[Date "2008.??.??"]
[Round "?"]
[White "Hrdy, Tomas"]
[Black "Docekal, Ales"]
[Result "1/2-1/2"]
[WhiteElo "2086"]
[BlackElo "2108"]
[PlyCount "56"]
[EventDate "2008.??.??"]
[EventType "corr"]

1. e4 c5 2. Nf3 d6 3. d4 cxd4 4. Nxd4 Nf6 5. Nc3 a6 6. Be3 e6 7. g4 e5 8. Nf5
g6 9. g5 gxf5 10. gxf6 f4 11. Bd2 Nd7 12. Rg1 Nxf6 13. Qf3 Rg8 14. Rxg8 Nxg8
15. O-O-O Nf6 16. Re1 Bg4 17. Qg2 Qd7 18. h3 Be6 19. Nd5 Nxd5 20. exd5 Bf5 21.
Qg5 Rc8 22. Bc3 f3 23. Bxe5 Rxc2+ 24. Kd1 Qa4 25. Qxf5 Re2+ 26. b3 Rxe1+ 27.
Kxe1 Qa5+ 28. Kd1 Qxd5+ 1/2-1/2

[Event "MCRW_CF24"]
[Site "?"]
[Date "2008.??.??"]
[Round "?"]
[White "Hrdy, Tomas"]
[Black "Cakl, Miloslav"]
[Result "0-1"]
[WhiteElo "2086"]
[BlackElo "2041"]
[PlyCount "192"]
[EventDate "2008.??.??"]
[EventType "corr"]

1. e4 c5 2. Nf3 d6 3. d4 cxd4 4. Nxd4 Nf6 5. Nc3 a6 6. f4 Nc6 7. Nf3 e6 8. Bd3
Qb6 9. Qe2 Be7 10. Bd2 d5 11. exd5 exd5 12. O-O-O O-O 13. Rhe1 d4 14. Ne4 Bf5
15. h3 Bxe4 16. Bxe4 Nxe4 17. Qxe4 Rfd8 18. Kb1 Qb5 19. b3 g6 20. g4 a5 21. a4
Qa6 22. f5 d3 23. c3 Rac8 24. Be3 Bf6 25. c4 Nb4 26. g5 Bc3 27. Bd2 Bxd2 28.
Rxd2 Qb6 29. Qe3 Qxe3 30. Rxe3 Re8 31. Rxe8+ Rxe8 32. fxg6 hxg6 33. Kc1 Re4 34.
h4 Kg7 35. Rh2 Na6 36. Kd2 Nc5 37. Kc3 Rg4 38. Nd2 Rg1 39. Kd4 b6 40. Kc3 Kf8
41. Rf2 Rc1+ 42. Kd4 Rh1 43. Nf3 Ke8 44. Kd5 Rc1 45. Nd4 Re1 46. Nf3 Re7 47.
Rb2 Kd8 48. Rb1 Re3 49. Nd2 Re2 50. Rd1 Kc7 51. Kd4 Rh2 52. Nf3 Re2 53. Nd2 Kd6
54. Kc3 Ke5 55. Rg1 Rf2 56. Rg4 Ke6 57. Rg1 Kf5 58. Rd1 Kf4 59. Rg1 Rh2 60.
Rf1+ Ke3 61. Rf3+ Ke2 62. Rxf7 Rxh4 63. Re7+ Kd1 64. Rf7 Rg4 65. Rf1+ Ke2 66.
Rf8 Rg3 67. Re8+ Re3 68. Rd8 Rh3 69. Re8+ Kd1 70. Rf8 Rg3 71. Rf1+ Ke2 72. Rf8
Rg2 73. Rh8 Ke1 74. Rh1+ Kf2 75. Rh3 Rg1 76. Rh2+ Ke3 77. Rh3+ Kf4 78. Rh4+ Kf5
79. Rh7 Rc1+ 80. Kd4 Rd1 81. Rf7+ Kg4 82. Ke3 Re1+ 83. Kd4 Re2 84. Kc3 Kxg5 85.
Rf1 Kg4 86. Rg1+ Kf5 87. Rf1+ Ke5 88. Rg1 Ne4+ 89. Nxe4 Kxe4 90. Rg4+ Kf5 91.
Rd4 d2 92. Rd5+ Kf4 93. Rd4+ Ke5 94. Rd8 g5 95. Kc2 Kf4 96. Rf8+ Kg3 0-1

[Event "MCRW_CF24"]
[Site "?"]
[Date "2008.??.??"]
[Round "?"]
[White "Hrdy, Tomas"]
[Black "Portych, Vaclav"]
[Result "1/2-1/2"]
[WhiteElo "2086"]
[BlackElo "2177"]
[PlyCount "97"]
[EventDate "2008.??.??"]
[EventType "corr"]

1. e4 c5 2. Nf3 Nc6 3. d4 cxd4 4. Nxd4 Nf6 5. Nc3 e5 6. Ndb5 d6 7. Bg5 a6 8.
Na3 b5 9. Bxf6 gxf6 10. Nd5 f5 11. Bd3 Be6 12. O-O Bxd5 13. exd5 Ne7 14. Nxb5
Bg7 15. Nc3 e4 16. Be2 Qa5 17. Rb1 Bxc3 18. bxc3 Qxc3 19. Rb3 Qe5 20. f3 Nxd5
21. fxe4 fxe4 22. Bxa6 Rxa6 23. Rb8+ Kd7 24. Rxh8 Ne3 25. Qe2 Nxf1 26. Qxa6
Qxh2+ 27. Kxf1 Qh1+ 28. Kf2 Qh4+ 29. Ke2 Qh5+ 30. Kd2 Qh6+ 31. Kc3 Qf6+ 32. Kb3
Qxh8 33. Qb7+ Ke6 34. Qxe4+ Qe5 35. Qc6 h5 36. a4 f5 37. Qe8+ Kd5 38. Qxh5 Kc5
39. Qf3 Qe6+ 40. Kb2 Qe5+ 41. Qc3+ Kb6 42. Kb3 f4 43. a5+ Ka6 44. Qb4 Qe3+ 45.
c3 d5 46. Qd6+ Kxa5 47. Qxd5+ Ka6 48. Qc6+ Ka7 49. Kc4 1/2-1/2

[Event "MCRW_CF24"]
[Site "?"]
[Date "2008.??.??"]
[Round "?"]
[White "Hrdy, Tomas"]
[Black "Jarabinsky, Martin"]
[Result "0-1"]
[WhiteElo "2086"]
[BlackElo "2012"]
[PlyCount "114"]
[EventDate "2008.??.??"]
[EventType "corr"]

1. e4 c6 2. d4 d5 3. e5 Bf5 4. Nf3 e6 5. Be2 Nd7 6. O-O Ne7 7. Nbd2 h6 8. Nb3
Bh7 9. Bd2 Ng6 10. c4 dxc4 11. Na5 b5 12. Nxc6 Qc7 13. Nb4 a5 14. Nc2 a4 15. g3
Be7 16. h4 O-O 17. h5 Nh8 18. a3 f6 19. exf6 Nxf6 20. Ne5 Nd7 21. Nxd7 Qxd7 22.
Bg4 Nf7 23. Re1 Bf5 24. Ne3 Bf6 25. Bc3 Rad8 26. f4 Bxg4 27. Nxg4 Bxd4+ 28.
Bxd4 Qxd4+ 29. Qxd4 Rxd4 30. Rxe6 Rd2 31. Rb1 Nd6 32. Nf2 Kf7 33. Ree1 Rc2 34.
Red1 Nf5 35. Ne4 Re8 36. Rd5 Rxe4 37. Rxf5+ Kg8 38. Rxb5 Re3 39. Rd1 Rb3 40.
Rd8+ Kf7 41. Rf5+ Ke7 42. Rd1 Rxg3+ 43. Kf1 Rf3+ 44. Kg1 Rd3 45. Rxd3 cxd3 46.
Rd5 Rxb2 47. Rxd3 Rb3 48. Rd5 Rxa3 49. Ra5 Ra1+ 50. Kg2 a3 51. Kg3 a2 52. Kh2
Ke6 53. Kg2 Kd6 54. Kh2 Kc6 55. Kg2 Kb6 56. Ra8 Kc5 57. Ra4 Kb5 0-1

[Event "MCRW_CF24"]
[Site "?"]
[Date "2008.??.??"]
[Round "?"]
[White "Portych, Vaclav"]
[Black "Kuchta, Jiri"]
[Result "1/2-1/2"]
[WhiteElo "2177"]
[BlackElo "2162"]
[PlyCount "50"]
[EventDate "2008.??.??"]
[EventType "corr"]

1. c4 Nf6 2. Nc3 e5 3. Nf3 Nc6 4. g3 d5 5. cxd5 Nxd5 6. Bg2 Nb6 7. O-O Be7 8.
a3 O-O 9. b4 Be6 10. Rb1 f6 11. Ne4 Ba2 12. Rb2 Bd5 13. Nc5 e4 14. Ne1 Nc4 15.
Rb1 Bxc5 16. bxc5 Rb8 17. Nc2 Re8 18. Nb4 Nxb4 19. axb4 c6 20. d3 exd3 21. Qxd3
Bxg2 22. Kxg2 b5 23. Ra1 Qe7 24. Bf4 Ra8 25. Qf3 Qb7 1/2-1/2

[Event "MCRW_CF24"]
[Site "?"]
[Date "2008.??.??"]
[Round "?"]
[White "Portych, Vaclav"]
[Black "Benes, Jiri"]
[Result "1-0"]
[WhiteElo "2177"]
[BlackElo "1982"]
[PlyCount "103"]
[EventDate "2008.??.??"]
[EventType "corr"]

1. c4 g6 2. Nc3 Bg7 3. Nf3 c5 4. g3 Nc6 5. Bg2 Nf6 6. O-O O-O 7. d4 cxd4 8.
Nxd4 Qb6 9. Nc2 Qc5 10. b3 d6 11. Bb2 Qh5 12. e4 Bg4 13. f3 Bh3 14. Ne2 a5 15.
Ncd4 Bxg2 16. Kxg2 Rfd8 17. Nc3 e6 18. Nxc6 bxc6 19. Na4 Rab8 20. Rc1 g5 21.
Qe2 g4 22. Rcd1 Qg5 23. Bc3 Kh8 24. Bxf6 Qxf6 25. fxg4 Qg6 26. Nb2 c5 27. Nd3
Bd4 28. e5 Qg7 29. exd6 Rxd6 30. Nf4 Rbd8 31. Qf3 Kg8 32. Ne2 Qg6 33. Nxd4 Rxd4
34. Rxd4 cxd4 35. h4 e5 36. Qb7 Qe6 37. Qc7 Re8 38. g5 a4 39. Rf6 Qe7 40. Qxe7
Rxe7 41. c5 axb3 42. axb3 e4 43. Rd6 d3 44. c6 Ra7 45. Rd8+ Kg7 46. b4 Ra2+ 47.
Kf1 Rc2 48. b5 f6 49. b6 e3 50. Rd7+ Kg6 51. Rxd3 e2+ 52. Ke1 1-0

[Event "MCRW_CF24"]
[Site "?"]
[Date "2008.??.??"]
[Round "?"]
[White "Portych, Vaclav"]
[Black "Docekal, Ales"]
[Result "1/2-1/2"]
[WhiteElo "2177"]
[BlackElo "2108"]
[PlyCount "72"]
[EventDate "2008.??.??"]
[EventType "corr"]

1. c4 Nf6 2. Nc3 e5 3. Nf3 Nc6 4. g3 d5 5. cxd5 Nxd5 6. Bg2 Nb6 7. O-O Be7 8.
a3 O-O 9. b4 Be6 10. d3 a5 11. b5 Nd4 12. Nd2 c6 13. bxc6 Nxc6 14. Rb1 Rc8 15.
Re1 Re8 16. Nf3 f6 17. Na4 Nxa4 18. Qxa4 Rc7 19. Be3 Qd6 20. Ra1 Rb8 21. Bb6
Rcc8 22. Rec1 Bd8 23. Ba7 Ra8 24. Be3 Rab8 25. Rab1 Be7 26. Bc5 Qd7 27. Bxe7
Qxe7 28. e3 Qd6 29. Ne1 Bd5 30. Rb5 Bxg2 31. Kxg2 Kh8 32. Rc3 Rc7 33. Qc4 Nd4
34. Qxc7 Qxc7 35. Rxc7 Nxb5 36. Rc5 Nxa3 1/2-1/2

[Event "MCRW_CF24"]
[Site "?"]
[Date "2008.??.??"]
[Round "?"]
[White "Portych, Vaclav"]
[Black "Cakl, Miloslav"]
[Result "1-0"]
[WhiteElo "2177"]
[BlackElo "2041"]
[PlyCount "117"]
[EventDate "2008.??.??"]
[EventType "corr"]

1. c4 Nf6 2. Nc3 e6 3. Nf3 Bb4 4. Qc2 O-O 5. a3 Bxc3 6. Qxc3 b6 7. b4 a5 8. Bb2
axb4 9. axb4 Rxa1+ 10. Bxa1 Qe7 11. g3 Na6 12. b5 Nc5 13. Bg2 Bb7 14. O-O Ra8
15. Qc2 Ne8 16. Rc1 f6 17. d4 Be4 18. Qc3 Na4 19. Qe3 Bb7 20. g4 Nd6 21. h4 Ra7
22. g5 Ba8 23. Kh2 Nf5 24. gxf6 Qd6+ 25. Qe5 gxf6 26. Qxd6 Nxd6 27. Nd2 Bxg2
28. Kxg2 Ra8 29. Kf3 Kf7 30. e4 Rg8 31. h5 Ke7 32. Rb1 c6 33. Ke2 c5 34. d5 Rg4
35. Kd3 Rg2 36. Rf1 Nb7 37. Ke2 Nd6 38. Rc1 Rg8 39. Rc2 Ra8 40. Ke3 Rg8 41.
dxe6 dxe6 42. Ra2 Ra8 43. Ra3 f5 44. f3 Ne8 45. exf5 exf5 46. Be5 Nd6 47. Bxd6+
Kxd6 48. Ra2 Ra5 49. Kd3 Ke5 50. Nb1 Kd6 51. f4 Kc7 52. Kc2 Kb7 53. Kb3 Ra8 54.
Rxa4 Rd8 55. Nc3 Rd3 56. Ra1 Rh3 57. Rg1 Rxh5 58. Nd5 Rh3+ 59. Ka4 1-0

[Event "MCRW_CF24"]
[Site "?"]
[Date "2008.??.??"]
[Round "?"]
[White "Portych, Vaclav"]
[Black "Hrdy, Tomas"]
[Result "1/2-1/2"]
[WhiteElo "2177"]
[BlackElo "2086"]
[PlyCount "58"]
[EventDate "2008.??.??"]
[EventType "corr"]

1. c4 c5 2. Nc3 Nc6 3. Nf3 e5 4. g3 g6 5. Bg2 Bg7 6. O-O Nge7 7. Rb1 O-O 8. a3
a5 9. Ne1 d6 10. Nc2 Be6 11. Ne3 Rb8 12. Ned5 Bg4 13. h3 Bf5 14. Nxe7+ Qxe7 15.
d3 Qd7 16. Kh2 Be6 17. f4 f5 18. Be3 Nd4 19. b4 axb4 20. axb4 b5 21. Nxb5 Nxb5
22. cxb5 Rxb5 23. bxc5 dxc5 24. Qc2 Rc8 25. Rxb5 Qxb5 26. Rb1 Qe8 27. Rb6 Bf7
28. Bb7 Rc7 29. Bg2 Rc8 1/2-1/2

[Event "MCRW_CF24"]
[Site "?"]
[Date "2008.??.??"]
[Round "?"]
[White "Portych, Vaclav"]
[Black "Jarabinsky, Martin"]
[Result "1/2-1/2"]
[WhiteElo "2177"]
[BlackElo "2012"]
[PlyCount "77"]
[EventDate "2008.??.??"]
[EventType "corr"]

1. c4 f5 2. d4 Nf6 3. Nc3 e6 4. Nf3 Bb4 5. Bg5 O-O 6. e3 b6 7. Bd3 Bb7 8. O-O
Bxc3 9. bxc3 Qe8 10. Bxf6 Rxf6 11. Re1 Qg6 12. Qe2 d6 13. e4 fxe4 14. Bxe4 Bxe4
15. Qxe4 Qxe4 16. Rxe4 h6 17. a4 Kf7 18. a5 Nd7 19. axb6 cxb6 20. Ra6 Nb8 21.
Ra1 Nd7 22. Re2 Ke7 23. Ra6 Nb8 24. Ra4 a5 25. Rb2 Nd7 26. Nd2 Rc8 27. f3 g5
28. h3 Rc6 29. Kf2 d5 30. Ke2 Kd6 31. Kd3 Rf7 32. cxd5 exd5 33. Nf1 Nf6 34. Ne3
Kc7 35. Rb5 Rd7 36. g3 Re6 37. c4 dxc4+ 38. Rxc4+ Kb7 39. Rcc5 1/2-1/2

[Event "MCRW_CF24"]
[Site "?"]
[Date "2008.??.??"]
[Round "?"]
[White "Jarabinsky, Martin"]
[Black "Kuchta, Jiri"]
[Result "1/2-1/2"]
[WhiteElo "2012"]
[BlackElo "2162"]
[PlyCount "75"]
[EventDate "2008.??.??"]
[EventType "corr"]

1. d4 Nf6 2. c4 e6 3. Nc3 Bb4 4. Qc2 O-O 5. a3 Bxc3+ 6. Qxc3 b6 7. Bg5 Bb7 8.
f3 h6 9. Bh4 d5 10. e3 Nbd7 11. cxd5 Nxd5 12. Bxd8 Nxc3 13. Bh4 Nd5 14. Bf2 c5
15. e4 Ne7 16. Ne2 Rac8 17. Nc3 cxd4 18. Bxd4 Nc5 19. Rd1 Rfd8 20. Be3 Rxd1+
21. Kxd1 e5 22. b4 Ne6 23. Kc2 f5 24. Kb3 fxe4 25. fxe4 Kh7 26. Bc4 Nd4+ 27.
Bxd4 exd4 28. Nb5 Bxe4 29. Nxa7 Re8 30. Rd1 Nf5 31. Rd2 Rd8 32. Bd3 Bxd3 33.
Rxd3 Ne7 34. Nb5 Nc6 35. a4 Kg6 36. Rd1 Kf5 37. Rc1 Ne5 38. Rc8 1/2-1/2

[Event "MCRW_CF24"]
[Site "?"]
[Date "2008.??.??"]
[Round "?"]
[White "Jarabinsky, Martin"]
[Black "Benes, Jiri"]
[Result "1-0"]
[WhiteElo "2012"]
[BlackElo "1982"]
[PlyCount "97"]
[EventDate "2008.??.??"]
[EventType "corr"]

1. e4 g6 2. d4 Bg7 3. Nf3 Nf6 4. Nc3 d6 5. Be2 O-O 6. O-O c5 7. d5 Nbd7 8. h3
a6 9. a4 Qa5 10. Nd2 Qd8 11. a5 b6 12. axb6 Nxb6 13. Re1 e6 14. dxe6 fxe6 15.
Nb3 Qc7 16. Be3 Rb8 17. Qd2 Nh5 18. Na5 Be5 19. Bxh5 gxh5 20. f4 Bf6 21. Rad1
Rd8 22. Qf2 Rf8 23. Rf1 Kh8 24. Kh1 Bg7 25. Qe1 Rg8 26. b3 Bd7 27. f5 Be5 28.
Bh6 Rbc8 29. Rf3 exf5 30. exf5 Be8 31. Ne4 h4 32. Rfd3 d5 33. Nxc5 Bf7 34. b4
Bf6 35. Qf2 Nd7 36. Bf4 Qb6 37. Nc4 Qxb4 38. Nd6 Nxc5 39. Nxf7+ Kg7 40. Nd6
Rcf8 41. Bd2 Qb6 42. Be3 Qxd6 43. Bxc5 Qc7 44. Bxf8+ Rxf8 45. Rxd5 Kg8 46. Qe2
Qc3 47. Rd7 Kh8 48. Qh5 Bg7 49. Rf7 1-0

[Event "MCRW_CF24"]
[Site "?"]
[Date "2008.??.??"]
[Round "?"]
[White "Jarabinsky, Martin"]
[Black "Docekal, Ales"]
[Result "1/2-1/2"]
[WhiteElo "2012"]
[BlackElo "2108"]
[PlyCount "94"]
[EventDate "2008.??.??"]
[EventType "corr"]

1. Nf3 Nf6 2. d4 d5 3. c4 c6 4. Nc3 dxc4 5. a4 Bf5 6. e3 e6 7. Bxc4 Bb4 8. O-O
Nbd7 9. Qe2 Ne4 10. Na2 Bd6 11. Bd3 O-O 12. Nc3 Ndc5 13. Nxe4 Bxe4 14. Bc2 Bxc2
15. Qxc2 Na6 16. Bd2 Nb4 17. Bxb4 Bxb4 18. Ne5 a5 19. Rfd1 Qe7 20. Nc4 Rad8 21.
Rac1 c5 22. Nb6 cxd4 23. exd4 Qd6 24. Qc7 e5 25. d5 e4 26. Qxd6 Rxd6 27. Nc4
Rd7 28. Rd4 f5 29. d6 Rfd8 30. Rcd1 g6 31. Rd5 b6 32. Kf1 Bc5 33. Ke2 Kg7 34.
h3 h5 35. Nxa5 Rxd6 36. Rxd6 Rxd6 37. Rxd6 Bxd6 38. Nc4 Bc5 39. Ne3 Kf7 40. Nd5
g5 41. b4 Bd6 42. a5 bxa5 43. bxa5 Ke6 44. Ne3 Bb4 45. a6 Bc5 46. f3 exf3+ 47.
Kxf3 Ke5 1/2-1/2

[Event "MCRW_CF24"]
[Site "?"]
[Date "2008.??.??"]
[Round "?"]
[White "Jarabinsky, Martin"]
[Black "Cakl, Miloslav"]
[Result "1-0"]
[WhiteElo "2012"]
[BlackElo "2041"]
[PlyCount "169"]
[EventDate "2008.??.??"]
[EventType "corr"]

1. e4 c5 2. b3 d6 3. Bb2 Nf6 4. Bb5+ Bd7 5. Bxd7+ Qxd7 6. d3 Nc6 7. Ne2 e6 8.
O-O Be7 9. Nd2 O-O 10. Ng3 d5 11. e5 Ne8 12. f4 f5 13. c3 Nc7 14. Nf3 Qe8 15.
Qd2 b5 16. Qf2 Qg6 17. Bc1 b4 18. Be3 Na6 19. c4 d4 20. Bd2 Nc7 21. Qe2 Rfb8
22. a3 bxa3 23. Rxa3 Rb6 24. Rfa1 a6 25. Qe1 Ra7 26. Rd1 Rab7 27. Ba5 Nxa5 28.
Qxa5 Rb4 29. Rb1 Qe8 30. Ne2 Qc6 31. Kh1 Rb8 32. Nd2 h5 33. Nf3 h4 34. h3 Qb6
35. Qxb6 R4xb6 36. Kh2 Kf7 37. Kg1 Rc8 38. Ra5 Rcb8 39. Ra3 Rc8 40. Kf2 Rg8 41.
Neg1 Kg6 42. Raa1 Kh5 43. Ra5 Ra8 44. Nd2 g5 45. Ne2 Rc8 46. g4+ hxg3+ 47.
Nxg3+ Kg6 48. Ne2 Kf7 49. Nf3 gxf4 50. Nxf4 Rg8 51. Ra3 Bf8 52. h4 Bh6 53. Ng2
Rg4 54. Ra5 Bf8 55. Ng5+ Kg7 56. Nh3 Be7 57. Kf3 Kh6 58. Nf2 Rg7 59. Nf4 Rc6
60. Rh1 Kh7 61. h5 Bd8 62. Ng6 Bg5 63. Rg1 Bd2 64. Ra2 Be3 65. Nf8+ Kg8 66.
Rxg7+ Kxg7 67. Nd7 Kf7 68. Nh3 Ke7 69. Nf6 Ne8 70. Nxe8 Kxe8 71. Nf4 Kf7 72.
Rg2 Bxf4 73. Kxf4 Rc8 74. h6 Rg8 75. Rxg8 Kxg8 76. b4 cxb4 77. c5 b3 78. c6 Kh7
79. c7 b2 80. c8=Q b1=Q 81. Qd7+ Kxh6 82. Qxe6+ Kg7 83. Qf6+ Kg8 84. Qxa6 Kf8
85. Qd6+ 1-0

[Event "MCRW_CF24"]
[Site "?"]
[Date "2008.??.??"]
[Round "?"]
[White "Jarabinsky, Martin"]
[Black "Hrdy, Tomas"]
[Result "1-0"]
[WhiteElo "2012"]
[BlackElo "2086"]
[PlyCount "97"]
[EventDate "2008.??.??"]
[EventType "corr"]

1. Nf3 Nf6 2. d4 g6 3. c4 Bg7 4. Nc3 d5 5. Bg5 Ne4 6. cxd5 Nxg5 7. Nxg5 e6 8.
Nf3 exd5 9. e3 O-O 10. Be2 Be6 11. O-O c6 12. b4 Nd7 13. Rc1 Qe7 14. Qb3 a6 15.
Na4 f5 16. g3 b5 17. Nc5 Nxc5 18. Rxc5 Bd7 19. Rfc1 Bf6 20. Qc3 Rfe8 21. Ne1
Qe6 22. Qd2 Be7 23. R5c2 a5 24. bxa5 Ba3 25. Rd1 Ra6 26. Qc3 Bd6 27. Nd3 Rea8
28. a4 Rxa5 29. axb5 cxb5 30. Rdc1 Ra3 31. Qe1 Qf7 32. Ne5 Bxe5 33. dxe5 Qe6
34. Rc7 R3a7 35. Rxa7 Rxa7 36. Qc3 Ra8 37. Rb1 Qc6 38. Qxc6 Bxc6 39. Bxb5 Rb8
40. Bd3 Rxb1+ 41. Bxb1 Kf7 42. Bd3 Ke6 43. f4 Ba4 44. Kf2 Bd1 45. Ke1 Bf3 46.
Kd2 Bg2 47. Be2 Be4 48. Kc3 Bg2 49. g4 1-0

[Event "MCRW_CF24"]
[Site "?"]
[Date "2008.??.??"]
[Round "?"]
[White "Jarabinsky, Martin"]
[Black "Portych, Vaclav"]
[Result "1-0"]
[WhiteElo "2012"]
[BlackElo "2177"]
[PlyCount "69"]
[EventDate "2008.??.??"]
[EventType "corr"]

1. e4 c5 2. b3 Nc6 3. Bb2 e5 4. Bb5 Nd4 5. Bc4 Nf6 6. Nc3 Be7 7. d3 Rb8 8. a4
a6 9. Nge2 b5 10. axb5 axb5 11. Nxd4 bxc4 12. Nf5 cxb3 13. Nxg7+ Kf8 14. Nf5
Rg8 15. Ne3 bxc2 16. Qxc2 d6 17. O-O Nh5 18. Ncd5 Nf4 19. Nxf4 exf4 20. Nd5 f3
21. g3 Bb7 22. Nxe7 Qxe7 23. Rfb1 Qe6 24. Qd1 Rc8 25. Qxf3 Rg6 26. Ra7 Bc6 27.
Qe3 Qh3 28. Qd2 h5 29. f4 f5 30. Qc3 Rxg3+ 31. hxg3 Qxg3+ 32. Kf1 Qxf4+ 33. Ke2
Qg4+ 34. Kd2 Qg2+ 35. Kc1 1-0